Rekurentné vzorce a ich využitie pri určovaní pravdepodobnosti krachu poisťovne

Teória krachu poisťovne ako dôležitá súčasť procesu života poisťovne. Proces prebytku a pravdepodobnosť krachu poisťovne. Rekurentné vzťahy pre pravdepodobnosť krachu.

Gespeichert in:
Bibliographische Detailangaben
1. Verfasser: Strešňáková, Anna, 1976-
Format: Buchkapitel
Sprache:Slowakisch
Schlagworte:
Tags: Tag hinzufügen
Keine Tags, Fügen Sie das erste Tag hinzu!

MARC

LEADER 00000nla a2200000 4500
001 0224695
005 20240502073659.6
041 0 |a slo 
044 |a SK 
245 1 0 |a Rekurentné vzorce a ich využitie pri určovaní pravdepodobnosti krachu poisťovne  |c Anna Strešňáková 
520 |a Teória krachu poisťovne ako dôležitá súčasť procesu života poisťovne. Proces prebytku a pravdepodobnosť krachu poisťovne. Rekurentné vzťahy pre pravdepodobnosť krachu. 
610 2 0 |a poisťovníctvo 
610 2 0 |a poisťovne 
610 2 0 |a matematika poistná 
610 2 0 |a pravdepodobnosť 
100 1 |a Strešňáková, Anna, 1976-